| 000 | 00765cab a2200217 4500 | ||
|---|---|---|---|
| 001 | WB2421-22 | ||
| 008 | 090401t1988 xxu||||| |||| 00| 0 eng d | ||
| 035 | _a(Sirsi) u25419 | ||
| 041 | _aeng | ||
| 245 | _aLetting residential property | ||
| 260 | _c1988 | ||
| 350 | _a0 | ||
| 490 |
_aEstates Gazette _vno 8820, 21/5/88 p101 |
||
| 520 | _aDiscusses the decision in Antoniades v Villiers and Another , CA 17 March 1988, see Abstract 38931, where it was held that occupants of a flat were licensees and not tenants. | ||
| 650 | _aJOINT TENANCIES | ||
| 650 | _aPROPERTY-RESIDENTIAL PROPERTY-RESIDENTIAL LANDLORD AND TENANT-RESIDENTIAL TENANCIES | ||
| 650 | _aSOMMA V HAZELHURST | ||
| 690 |
_aLandlord and tenant _96252 |
||
| 942 | _n0 | ||
| 948 | _c04/03/1997 | ||
| 999 |
_c17069 _d17069 |
||